[Event "FRA-chT U20 0304"]
[Site "France"]
[Date "2004.01.03"]
[Round "6"]
[White "Joanny, Bertrand"]
[Black "Schaeffer, Vincent1111"]
[Result "0-1"]
[WhiteElo "1099"]
[BlackElo "1610"]
[PlyCount "32"]
[EventDate "2003.11.??"]
[EventType "team"]
[EventRounds "11"]
[EventCountry "FRA"]
[SourceTitle "EXT 2005"]
[Source "ChessBase"]
[SourceDate "2004.11.15"]
[SourceVersion "1"]
[SourceVersionDate "2004.11.15"]
[SourceQuality "1"]
[WhiteTeam "Toulouse"]
[BlackTeam "Bischwiller"]
[WhiteTeamCountry "FRA"]
[BlackTeamCountry "FRA"]

1. e4 e5 2. Nf3 Nc6 3. Bb5 a6 4. Ba4 d6 5. d4 b5 6. Bb3 exd4 7. Nxd4 Nxd4 8. Qxd4 c5 9. Qd5 Be6 10. Qc6+ Bd7 11. Bxf7+ Kxf7 12. Qd5+ Be6 13. Qh5+ g6 14. Qf3+ Qf6 15. Qd3 Be7 16. Bd2 Qxb2 0-1

[Event "FRA-chT U20 0304"]
[Site "France"]
[Date "2004.01.03"]
[Round "5"]
[White "Peiffer Smadja, Amiel"]
[Black "Joanny, Bertrand"]
[Result "0-1"]
[WhiteElo "1760"]
[BlackElo "1099"]
[PlyCount "94"]
[EventDate "2003.11.??"]
[EventType "team"]
[EventRounds "11"]
[EventCountry "FRA"]
[SourceTitle "EXT 2005"]
[Source "ChessBase"]
[SourceDate "2004.11.15"]
[SourceVersion "1"]
[SourceVersionDate "2004.11.15"]
[SourceQuality "1"]
[WhiteTeam "Vandoeuvre"]
[BlackTeam "Toulouse"]
[WhiteTeamCountry "FRA"]
[BlackTeamCountry "FRA"]

1. e4 e5 2. Nc3 Nf6 3. g3 Nc6 4. Bg2 Bc5 5. Nf3 0-0 6. Nxe5 Nxe5 7. d4 Bxd4 8. Qxd4 Nc6 9. Qd1 d6 10. 0-0 h6 11. h3 Be6 12. f4 Qd7 13. g4 Bc4 14. Rf2 Rfe8 15. b3 Ba6 16. Bb2 Rad8 17. Qd2 Ne7 18. Ne2 Nh7 19. Qd4 f6 20. Qxa7 Ng6 21. c4 Nh4 22. Bh1 g5 23. Qd4 c5 24. Qc3 Qf7 25. fxg5 Re6 26. gxf6 Ng5 27. Ng3 Nxh3+ 28. Kf1 Nxf2 29. Kxf2 Rf8 30. Nh5 b6 31. e5 Rxe5 32. Bd5 Rxd5 33. cxd5 Qxd5 34. Kg3 Qg5 35. Qe1 Nf5+ 36. Kf3 Bb7+ 37. Kf2 Qh4+ 38. Kf1 Qh1+ 39. Ke2 Re8+ 40. Kd2 Rxe1 41. Rxe1 Qg2+ 42. Re2 Qd5+ 43. Ke1 Qh1+ 44. Kd2 Qf3 45. Ng7 Nxg7 46. fxg7 Qf4+ 47. Kd3 Ba6+ 0-1

[Event "FRA-chT U20 0304"]
[Site "France"]
[Date "2003.11.23"]
[Round "2"]
[White "Villegas, Pierre"]
[Black "Joanny, Bertrand"]
[Result "1-0"]
[WhiteElo "1740"]
[BlackElo "1099"]
[PlyCount "51"]
[EventDate "2003.11.??"]
[EventType "team"]
[EventRounds "11"]
[EventCountry "FRA"]
[SourceTitle "EXT 2005"]
[Source "ChessBase"]
[SourceDate "2004.11.15"]
[SourceVersion "1"]
[SourceVersionDate "2004.11.15"]
[SourceQuality "1"]
[WhiteTeam "Cannes"]
[BlackTeam "Toulouse"]
[WhiteTeamCountry "FRA"]
[BlackTeamCountry "FRA"]

1. d4 d5 2. Nf3 Nf6 3. c4 e6 4. Nc3 Nc6 5. Bg5 h6 6. Bxf6 Qxf6 7. cxd5 exd5 8. Nxd5 Qd8 9. e4 Nb4 10. Nc3 Bg4 11. Be2 f6 12. 0-0 Nc6 13. d5 Ne7 14. Nd4 Bxe2 15. Qxe2 Ng6 16. Qh5 Kf7 17. Ne6 Qd6 18. f4 Qb6+ 19. Kh1 Re8 20. f5 Kg8 21. Qxg6 Rxe6 22. fxe6 Qxb2 23. Rac1 a6 24. e5 fxe5 25. Rxf8+ Kxf8 26. Qf7# 1-0